Znalosti a pozice v politickém prostoru: případ parlamentních voleb v Česku 2017

Objasnenie vzťahov medzi vedomosťami občanov a ich znalosťami z pozície v politickom priestore v Českej republike. Skôr ako politický priestor ako celok, predchádzajúce štúdie skúmali konkrétne otázky, hodnoty, účasť alebo presnosť pozícií občanov v porovnaní s pozíciami svojich preferovaných kandid...

Ausführliche Beschreibung

Gespeichert in:
Bibliographische Detailangaben
1. Verfasser: Jaroš, Bronislav
Weitere Verfasser: Voda, Petr
Format: Buchkapitel
Sprache:Tschechisch
Schlagworte:
Tags: Tag hinzufügen
Keine Tags, Fügen Sie das erste Tag hinzu!

MARC

LEADER 00000naa a2200000 4500
001 0249014
005 20240108073329.5
041 0 |a cze 
044 |a CZ 
245 1 0 |a Znalosti a pozice v politickém prostoru: případ parlamentních voleb v Česku 2017  |c Bronislav Jaroš, Petr Voda 
520 |a Objasnenie vzťahov medzi vedomosťami občanov a ich znalosťami z pozície v politickom priestore v Českej republike. Skôr ako politický priestor ako celok, predchádzajúce štúdie skúmali konkrétne otázky, hodnoty, účasť alebo presnosť pozícií občanov v porovnaní s pozíciami svojich preferovaných kandidátov v súvislosti s premennou vedomostí. 
610 2 0 |a vedomosti 
610 2 0 |a voľby 
610 2 0 |a parlamenty 
610 2 0 |a politika 
610 2 0 |a štúdie prípadové 
610 2 0 |a Česko 
100 1 |a Jaroš, Bronislav 
700 1 |a Voda, Petr